000 00890nam a2200229Ia 4500
003 GCL
008 140319s9999 xx 000 0 ara d
020 _a4335232977
040 _aGCL /
_cGCL
082 0 4 _a338.88
_bص ش
100 1 _aصلاح الدين حسن السيسى
245 1 0 _aالشركات متعددة الجنسيات وحكم العالم :
_bتطوير وربط البورصات العربية وتأسيس البورصة العربية الموحدة /
_cصلاح الدين حسن السيسى
250 _aالاولى
260 _aالقاهرة :
_bعالم الكتب الحديث ،
_c2003
300 _a118ص ؛
_c27سم
650 0 4 _aالاوراق المالية
650 0 4 _aشركات الاستثمار
650 0 4 _aالشركات الدولية
650 0 4 _aالبورصات
650 0 4 _aالشركات الاجنبية
942 _2ddc
_cBK
999 _c58316
_d58316